| 000 | 00502nam a22001457a 4500 | ||
|---|---|---|---|
| 008 | 110824s2002 ua||||| |||| 00| 0 ara d | ||
| 082 |
_222 _a303.625 _bق ا ر |
||
| 245 |
_aقارعة سيبتمبر / _cأحمد عبد الله ... [والخ ] |
||
| 260 |
_aالقاهرة : _bمكتبة الشروق الدولية ، _c2002. |
||
| 300 |
_a245 ص ؛ _c24 سم. |
||
| 650 | 0 |
_98304 _aالإرهاب |
|
| 650 | 0 |
_914868 _aالجرائم السياسية |
|
| 653 |
_bGeneral _cAugust2011 |
||
| 942 |
_2ddc _cBB |
||
| 999 |
_c15919 _d15919 |
||